00479 2200193 4500001002100000005001500021008004100036020002200077035001900099041000700118082000800125090001400133100001500147245003800162260003900200300002000239500001000259650001600269INLIS00000000000453520241224112930241224||||||||| | ||| |||| || |  a978-602-73160-9-6 0010-1224004535 aid0 a381 a381 WID d0 aYb Widodo.00aDari Petani Lokal Ke Pasar Global aMalang.bIntelegensia Media.c2017 a102 HAL,; WID D aCET 1 0aIlmu Sosial